000 00483nam a2200181Ia 4500
005 20250508151456.0
008 008 250505s9999 xx 000 0 eng d
037 _aTextual
040 _aFEDL
_beng
_cFEDL
041 _aeng
_2eng
084 _a821.85, HOR
_qFEDL
100 _aHenderson Philip
245 0 _aWilliam morris
260 _aLondon, UK
_bLongmans, Green and Co.
_c1952
300 _a43p.
942 _cTEXL
_h821.85, HOR
999 _c1330055
_d1330055